Справочник терминов по общей микробиологии, вирусологии и иммунологии (Запись № 1310523)

Подробности
000 -МАРКЕР
контрольное поле 02973nam0a2200445 4500
001 - ИДЕНТИФИКАТОР ЗАПИСИ
контрольное поле RU\NLR\bibl\1423753
005 - ИДЕНТИФИКАТОР ВЕРСИИ
контрольное поле 20260407210119.0
010 ## - МЕЖДУНАРОДНЫЙ СТАНДАРТНЫЙ НОМЕР КНИГИ (ISBN)
Номер (ISBN) 978-5-8388-0073-2
Тираж 296
021 ## - НОМЕР ГОСУДАРСТВЕННОЙ РЕГИСТРАЦИИ
Код страны Российская Федерация
Номер 2009-64218
Номер Листа государственной регистраци 3960
035 ## - ДРУГИЕ СИСТЕМНЫЕ НОМЕРА
Идентификатор записи (NLR Aleph) 001415683
100 ## - ДАННЫЕ ОБЩЕЙ ОБРАБОТКИ
Данные общей обработки 20091014d2009 |||y0rusy50 ca
101 0# - ЯЗЫК РЕСУРСА
Язык текста, звукозаписи и т.д. русский
-- английский
Язык оглавления русский
-- английский
102 ## - СТРАНА ПУБЛИКАЦИИ ИЛИ ПРОИЗВОДСТВА
Страна публикации Российская Федерация
105 ## - ПОЛЕ КОДИРОВАННЫХ ДАННЫХ: ТЕКСТОВЫЕ МАТЕРИАЛЫ, МОНОГРАФИЧЕСКИЕ
Кодированные данные о монографическом текстовом документе y |||||||||
200 1# - ЗАГЛАВИЕ И СВЕДЕНИЯ ОБ ОТВЕТСТВЕННОСТИ
Основное заглавие Справочник терминов по общей микробиологии, вирусологии и иммунологии
Параллельное заглавие Manual of terms on basic microbiology, virology and immunology
Сведения, относящиеся к заглавию учебное пособие для студентов медицинской академии, в том числе иностранных граждан, обучающихся с помощью языка-посредника
-- для студентов, обучающихся по специальностям: 060101 - лечебное дело, 060103 - педиатрия, 060105 - стоматология, 060108 - фармация, 060109 - сестринское дело
Первые сведения об ответственности ГОУ ВПО Твер. ГМА Росздрава, Каф. микробиологии, вирусологии и иммунологии
Последующие сведения об ответственности [авт.-сост.: Е. Н. Егорова и др.]
-- под ред. проф. В. М. Червинца
Язык параллельного заглавия английский
210 ## - ПУБЛИКАЦИЯ, РАСПРОСТРАНЕНИЕ И ДР.
Место издания, распространения и т.д. Тверь
Имя издателя, распространителя и т. д. РИЦ ТГМА
Дата издания, распространения и т.д. 2009
215 ## - ФИЗИЧЕСКАЯ ХАРАКТЕРИСТИКА
Специфическое обозначение материала и объем 103 с.
Размеры 29
300 ## - ОБЩИЕ ПРИМЕЧАНИЯ
Текст примечания Текст парал. на рус. и англ. яз.
320 ## - ПРИМЕЧАНИЯ О НАЛИЧИИ В ДОКУМЕНТЕ БИБЛИОГРАФИИ / УКАЗАТЕЛЯ
Текст примечания Предм. указ.: с. 85-94
510 1# - ПАРАЛЛЕЛЬНОЕ ЗАГЛАВИЕ
Параллельное заглавие Manual of terms on basic microbiology, virology and immunology
Язык заглавия английский
606 1# - НАИМЕНОВАНИЕ ТЕМЫ КАК ПРЕДМЕТ
Наименование темы Микробиология
Формальный подзаголовок Справочники
Тематический подзаголовок Терминология
Системный номер авторитетной/нормативной записи 2238356
Идентификатор авторитетной/нормативной записи RU\NLR\auth\661343231
606 1# - НАИМЕНОВАНИЕ ТЕМЫ КАК ПРЕДМЕТ
Наименование темы Вирусология
Формальный подзаголовок Справочники
Тематический подзаголовок Терминология
Системный номер авторитетной/нормативной записи 2573260
Идентификатор авторитетной/нормативной записи RU\NLR\auth\661521605
606 1# - НАИМЕНОВАНИЕ ТЕМЫ КАК ПРЕДМЕТ
Наименование темы Иммунология
Формальный подзаголовок Справочники
Тематический подзаголовок Терминология
Системный номер авторитетной/нормативной записи 1207717
Идентификатор авторитетной/нормативной записи RU\NLR\auth\66489903
606 1# - НАИМЕНОВАНИЕ ТЕМЫ КАК ПРЕДМЕТ
Наименование темы Английский язык
Формальный подзаголовок Справочники
Тематический подзаголовок Терминология микробиологии
Системный номер авторитетной/нормативной записи 969435
Идентификатор авторитетной/нормативной записи RU\NLR\auth\6644501
686 ## - ИНДЕКСЫ ДРУГИХ КЛАССИФИКАЦИЙ
Индекс Р26я2
686 ## - ИНДЕКСЫ ДРУГИХ КЛАССИФИКАЦИЙ
Индекс Р252.325я2
686 ## - ИНДЕКСЫ ДРУГИХ КЛАССИФИКАЦИЙ
Индекс Е4в3
686 ## - ИНДЕКСЫ ДРУГИХ КЛАССИФИКАЦИЙ
Индекс Е491в3
686 ## - ИНДЕКСЫ ДРУГИХ КЛАССИФИКАЦИЙ
Индекс Ш143.21-34я2
702 #1 - ИМЯ ЛИЦА - ВТОРИЧНАЯ ОТВЕТСТВЕННОСТЬ
Код отношения Составитель
Материалы, к которым относится поле rus
Графика поля Кириллица
Начальный элемент ввода Егорова
Часть имени, кроме начального элемента ввода Е. Н.
Дополнения к именам, кроме дат д-р мед. наук, микробиолог
Расширение инициалов личного имени Елена Николаевна
Идентификатор авторитетной/нормативной записи RU\NLR\AUTH\7735455
Системный номер авторитетной/нормативной записи 18452
702 #1 - ИМЯ ЛИЦА - ВТОРИЧНАЯ ОТВЕТСТВЕННОСТЬ
Начальный элемент ввода Червинец
Часть имени, кроме начального элемента ввода В. М.
Расширение инициалов личного имени Вячеслав Михайлович
Код отношения Редактор
712 02 - НАИМЕНОВАНИЕ ОРГАНИЗАЦИИ - ВТОРИЧНАЯ ОТВЕТСТВЕННОСТЬ
Код отношения Прочие
Начальный элемент ввода Тверская государственная медицинская академия
Структурное подразделение Кафедра микробиологии, вирусологии и иммунологии
Идентификатор авторитетной/нормативной записи RU\NLR\AUTH\8810138646
Системный номер авторитетной/нормативной записи 772572
801 #0 - ИСТОЧНИК ЗАПИСИ
Страна Российская Федерация
Организация NLR
Дата составления 20091014
Правила каталогизации RCR
801 #1 - ИСТОЧНИК ЗАПИСИ
Страна Российская Федерация
Организация NLR
Дата составления 20091014
942 ## - ДОПОЛНИТЕЛЬНЫЕ ЭЛЕМЕНТЫ ЗАПИСИ (АБИС)
Тип экземпляра АБИС Книга
980 ## - КОЛЛЕКЦИЯ
Название коллекции Национальная библиография
980 ## - КОЛЛЕКЦИЯ
Название коллекции НБР
Экземпляры
Тип экземпляра Дата поступления Источник поступления Библиотека постоянного хранения Библиотека текущего хранения Место хранения Шифр хранения Штрих-код Статус экземпляра
Книга 14.10.2009 Обязательный экземпляр РНБ (Московский) РНБ (Московский) Русский книжный фонд: издания с 1957 года 2009-8/2833 3014033  
Книга 14.10.2009 Обязательный экземпляр РНБ (Московский) РНБ (Московский) Русский книжный фонд: издания с 1957 года 2009-8/2833 3014034